[Event "Gibtelecom Festival 2010 - Challenger 2"]
[Site "Gibraltar ENG"]
[Date "2010.02.04"]
[Round "5.24"]
[White "Hagen, Anders Gjerdrum"]
[Black "Pereira, Johnharry"]
[Result "1-0"]
[WhiteElo "2108"]
[BlackElo "1892"]
[PlyCount "39"]
[EventDate "2010.01.31"]
[EventType "swiss"]
[EventRounds "5"]
[EventCountry "ENG"]
[Source "lmi"]
[SourceDate "2010.01.31"]

1. d4 Nf6 2. c4 e6 3. Nc3 Bb4 4. Qc2 Nc6 5. Nf3 d6 6. a3 Bxc3+ 7. Qxc3 O-O 8.
Bg5 Re8 9. e3 e5 10. Be2 Bg4 11. d5 Nb8 12. h3 Bh5 13. Qb3 Nbd7 14. Nd2 Nc5 15.
Qc2 Bg6 16. Qd1 Nd3+ 17. Bxd3 Bxd3 18. e4 h6 19. Bxf6 Qxf6 20. Qb3 1-0

[Event "Gibtelecom Festival 2010 - Challenger 2"]
[Site "Gibraltar ENG"]
[Date "2010.02.04"]
[Round "5.25"]
[White "Helin, Mikael"]
[Black "Navarro Perez, Manuel"]
[Result "0-1"]
[WhiteElo "1972"]
[BlackElo "2099"]
[PlyCount "84"]
[EventDate "2010.01.31"]
[EventType "swiss"]
[EventRounds "5"]
[EventCountry "ENG"]
[Source "lmi"]
[SourceDate "2010.01.31"]

1. e4 g6 2. Nc3 Bg7 3. g3 d6 4. Bg2 Nf6 5. d3 O-O 6. Nge2 c6 7. h3 e5 8. O-O
Nh5 9. g4 Nf6 10. Ng3 Be6 11. d4 exd4 12. Nce2 Bc4 13. f4 Qb6 14. Kh2 Qa6 15.
f5 Re8 16. Re1 c5 17. g5 Bxe2 18. Rxe2 Nfd7 19. f6 Bf8 20. h4 Nc6 21. h5 Nde5
22. Rf2 b5 23. hxg6 fxg6 24. c3 d3 25. Bf4 c4 26. Bxe5 Nxe5 27. f7+ Nxf7 28. e5
Nxe5 29. Bd5+ Kg7 30. Nh5+ Kh8 31. Nf6 Qb6 32. Qg1 Rad8 33. Raf1 Bg7 34. Nxh7
Qc5 35. Nf6 Bxf6 36. gxf6 Qxd5 37. Qg3 Rd7 38. f7 Rxf7 39. Rxf7 Nxf7 40. Rh1
Kg7 41. Rf1 Re2+ 42. Kg1 d2 0-1

[Event "Gibtelecom Festival 2010 - Challenger 2"]
[Site "Gibraltar ENG"]
[Date "2010.02.04"]
[Round "5.26"]
[White "Dasaolu, Adeoye"]
[Black "Lundback, Karl"]
[Result "0-1"]
[WhiteElo "2068"]
[BlackElo "1874"]
[PlyCount "56"]
[EventDate "2010.01.31"]
[EventType "swiss"]
[EventRounds "5"]
[EventCountry "ENG"]
[Source "lmi"]
[SourceDate "2010.01.31"]

1. e4 e5 2. Bc4 Nf6 3. Nc3 Bc5 4. d3 d6 5. Nf3 c6 6. O-O b5 7. Bb3 Bg4 8. Be3
Nbd7 9. a4 b4 10. Ne2 Bxf3 11. gxf3 Bxe3 12. fxe3 Nh5 13. f4 Qh4 14. Qe1 Qg4+
15. Kh1 c5 16. Qf2 Ndf6 17. a5 Ke7 18. fxe5 dxe5 19. Rg1 Qh3 20. Rg5 Kd6 21.
Bxf7 Ng4 22. Rxg4 Qxg4 23. Rg1 Qh3 24. Bxh5 Qxh5 25. Rxg7 Raf8 26. Qg2 Qf3 27.
Qxf3 Rxf3 28. Kg2 Rhf8 0-1

[Event "Gibtelecom Festival 2010 - Challenger 2"]
[Site "Gibraltar ENG"]
[Date "2010.02.04"]
[Round "5.28"]
[White "Wright, Jonathan"]
[Black "Hamer, Martyn"]
[Result "1/2-1/2"]
[WhiteElo "1808"]
[BlackElo "2039"]
[PlyCount "121"]
[EventDate "2010.01.31"]
[EventType "swiss"]
[EventRounds "5"]
[EventCountry "ENG"]
[Source "lmi"]
[SourceDate "2010.01.31"]

1. e4 e5 2. Nf3 Nf6 3. Nxe5 d6 4. Nf3 Nxe4 5. d4 d5 6. Bd3 Bd6 7. O-O O-O 8. c4
c6 9. Bxe4 dxe4 10. Ng5 f5 11. Nc3 h6 12. c5 Bxh2+ 13. Kxh2 hxg5 14. Qh5 Qxd4
15. Bxg5 Nd7 16. Ne2 Qxc5 17. Rac1 Qe5+ 18. g3 Nf6 19. Qh4 Ng4+ 20. Kg2 Kf7 21.
Rh1 Be6 22. Qh5+ g6 23. Qh7+ Qg7 24. Nf4 Rg8 25. Rcd1 Nf6 26. Bxf6 Kxf6 27. Rd6
Rae8 28. Qh4+ g5 29. Nh5+ Kf7 30. Nxg7 gxh4 31. Nxe8 Rxe8 32. Rxh4 Ke7 33. Rd4
c5 34. Ra4 a6 35. Rh7+ Bf7 36. Rc4 b6 37. Rc2 Rd8 38. b3 Rd4 39. Rh6 Be6 40.
Kf1 a5 41. Ke2 a4 42. Rd2 Rb4 43. bxa4 Rxa4 44. Rb2 b5 45. Ke3 b4 46. Kf4 c4
47. Rh7+ Kf6 48. Rh6+ Kf7 49. Rd2 c3 50. Rd6 Bxa2 51. Rc6 Bd5 52. Rc7+ Kg8 53.
Rb6 Bf7 54. Kxf5 Ra2 55. f4 exf3 56. Kf6 Be8 57. Rxb4 c2 58. Rf4 f2 59. Rxf2
c1=Q 60. Rxc1 Rxf2+ 61. Kg5 1/2-1/2

[Event "Gibtelecom Festival 2010 - Challenger 2"]
[Site "Gibraltar ENG"]
[Date "2010.02.04"]
[Round "5.29"]
[White "Indrebo, Kyrre"]
[Black "Bryn, Askild"]
[Result "1/2-1/2"]
[WhiteElo "1730"]
[BlackElo "2036"]
[PlyCount "39"]
[EventDate "2010.01.31"]
[EventType "swiss"]
[EventRounds "5"]
[EventCountry "ENG"]
[Source "lmi"]
[SourceDate "2010.01.31"]

1. d4 e6 2. e4 d5 3. Bd3 c5 4. c3 cxd4 5. cxd4 dxe4 6. Bxe4 Nf6 7. Bf3 Bb4+ 8.
Nc3 O-O 9. Nge2 Nbd7 10. O-O Nb6 11. Nf4 Nfd5 12. Ncxd5 exd5 13. Qb3 Bd6 14.
Re1 Re8 15. Rxe8+ Qxe8 16. Bd2 Bxf4 17. Bxf4 Be6 18. Rc1 Rc8 19. Qd1 Rxc1 20.
Qxc1 1/2-1/2

[Event "Gibtelecom Festival 2010 - Challenger 2"]
[Site "Gibraltar ENG"]
[Date "2010.02.04"]
[Round "5.30"]
[White "Kvisla, Johannes Luangtep"]
[Black "Rujan, Rodel-Marinel"]
[Result "1-0"]
[WhiteElo "2161"]
[BlackElo "1940"]
[PlyCount "107"]
[EventDate "2010.01.31"]
[EventType "swiss"]
[EventRounds "5"]
[EventCountry "ENG"]
[Source "lmi"]
[SourceDate "2010.01.31"]

1. d4 d5 2. Nf3 Nf6 3. c4 e6 4. g3 Be7 5. Bg2 O-O 6. O-O b6 7. cxd5 exd5 8. Bf4
Bb7 9. Qc2 c5 10. Rd1 Nc6 11. dxc5 bxc5 12. Nc3 Qb6 13. Ne5 Rfd8 14. Rac1 Nb4
15. Qb1 d4 16. Na4 Qb5 17. Bxb7 Qxb7 18. Nxc5 Qd5 19. Nb3 g5 20. Nxd4 gxf4 21.
Nec6 Nxc6 22. Nxc6 Qe6 23. Nxd8 Bxd8 24. Qc2 fxg3 25. hxg3 Qh3 26. Qc6 Ng4 27.
Qg2 Qxg2+ 28. Kxg2 Bb6 29. e3 Bxe3 30. fxe3 Nxe3+ 31. Kf3 Nxd1 32. Rxd1 Rb8 33.
b3 Rb6 34. Rd3 Kg7 35. Ke4 Kg6 36. Rf3 f5+ 37. Kd5 Kg5 38. Rf4 Ra6 39. a4 Ra5+
40. Kc6 h5 41. Kb7 Re5 42. Kxa7 Re3 43. b4 Rxg3 44. Rc4 h4 45. b5 h3 46. b6 h2
47. b7 Rb3 48. Rc1 Ra3 49. Kb6 Rxa4 50. Kc5 Ra5+ 51. Kc4 Ra4+ 52. Kc5 Ra5+ 53.
Kb4 Ra2 54. Kb3 1-0

[Event "Gibtelecom Festival 2010 - Challenger 2"]
[Site "Gibraltar ENG"]
[Date "2010.02.04"]
[Round "5.33"]
[White "Gravett, Alan D"]
[Black "Osttveit, Martin"]
[Result "1/2-1/2"]
[WhiteElo "1926"]
[BlackElo "2069"]
[PlyCount "30"]
[EventDate "2010.01.31"]
[EventType "swiss"]
[EventRounds "5"]
[EventCountry "ENG"]
[Source "lmi"]
[SourceDate "2010.01.31"]

1. g3 g6 2. Bg2 Bg7 3. d4 Nf6 4. e4 d6 5. Ne2 Nbd7 6. Nbc3 O-O 7. O-O c5 8. h3
Rb8 9. a4 a6 10. a5 cxd4 11. Nxd4 Ne5 12. b3 Nfd7 13. Ra2 Nc6 14. Nxc6 bxc6 15.
Ne2 Qc7 1/2-1/2

[Event "Gibtelecom Festival 2010 - Challenger 2"]
[Site "Gibraltar ENG"]
[Date "2010.02.04"]
[Round "5.34"]
[White "Hansen, Erle Andrea Marki"]
[Black "Dennis, Nigel W"]
[Result "1/2-1/2"]
[WhiteElo "1699"]
[BlackElo "1957"]
[PlyCount "117"]
[EventDate "2010.01.31"]
[EventType "swiss"]
[EventRounds "5"]
[EventCountry "ENG"]
[Source "lmi"]
[SourceDate "2010.01.31"]

1. e4 c5 2. Nf3 e6 3. d4 cxd4 4. Nxd4 Nf6 5. Nc3 d6 6. g4 h6 7. h4 Nc6 8. Rg1
Qa5 9. Nxc6 bxc6 10. Qf3 d5 11. Bd2 dxe4 12. Nxe4 Qe5 13. Bd3 Rb8 14. Bc3 Bb4
15. O-O-O Bxc3 16. Nxc3 Nd5 17. Rge1 Qd4 18. Bb5 Qf4+ 19. Qxf4 Nxf4 20. Bxc6+
Ke7 21. Re4 g5 22. Ne2 Nxe2+ 23. Rxe2 gxh4 24. Rh1 Kf6 25. f3 Ba6 26. Reh2 Rbc8
27. Be4 Kg5 28. Rxh4 Rcd8 29. Rh5+ Kf4 30. g5 Be2 31. gxh6 Bxf3 32. Bxf3 Kxf3
33. h7 Ke2 34. R5h3 Rd7 35. R1h2+ Ke1 36. b3 f5 37. Re3+ Kf1 38. Rxe6 Rhxh7 39.
Rxh7 Rxh7 40. Rf6 Rh5 41. c4 Ke2 42. c5 f4 43. Rxf4 Rxc5+ 44. Rc4 Rd5 45. Kb2
Kd3 46. Ra4 Rd7 47. Ra6 Kd4 48. Rc6 Kd5 49. Rc4 Rh7 50. Ka3 Kd6 51. b4 Rb7 52.
Ka4 Rh7 53. Rc5 Rh4 54. a3 Rh3 55. Ra5 Rh7 56. Ra6+ Kd5 57. Ra5+ Kc6 58. Rg5
Kb6 59. Rb5+ 1/2-1/2

[Event "Gibtelecom Festival 2010 - Challenger 2"]
[Site "Gibraltar ENG"]
[Date "2010.02.04"]
[Round "5.35"]
[White "Fegan, Chris"]
[Black "Nwachukwu, Chino"]
[Result "0-1"]
[WhiteElo "2093"]
[BlackElo "1848"]
[PlyCount "60"]
[EventDate "2010.01.31"]
[EventType "swiss"]
[EventRounds "5"]
[EventCountry "ENG"]
[Source "lmi"]
[SourceDate "2010.01.31"]

1. e4 c5 2. Nf3 d6 3. d4 cxd4 4. Nxd4 Nf6 5. Nc3 a6 6. a3 e6 7. b4 Be7 8. Bb2
Qc7 9. Bd3 b5 10. O-O O-O 11. Kh1 Bb7 12. f4 Nbd7 13. g4 Qb6 14. g5 Qxd4 15.
gxf6 Nxf6 16. Qe2 Rac8 17. Nd5 Qxb2 18. Nxe7+ Kh8 19. Nxc8 Rxc8 20. Qe3 Qc3 21.
h3 Nxe4 22. Kh2 Nd2 23. Rfd1 Nf3+ 24. Kg3 Qf6 25. Be4 Nh4 26. Kh2 Bxe4 27. Qxe4
d5 28. Qe2 Qxf4+ 29. Kh1 Nf5 30. Qg2 Ne3 0-1

[Event "Gibtelecom Festival 2010 - Challenger 2"]
[Site "Gibraltar ENG"]
[Date "2010.02.04"]
[Round "5.36"]
[White "Seitz, Benjamin"]
[Black "Sigamoney, Cyril S"]
[Result "1-0"]
[WhiteElo "2017"]
[BlackElo "1783"]
[PlyCount "125"]
[EventDate "2010.01.31"]
[EventType "swiss"]
[EventRounds "5"]
[EventCountry "ENG"]
[Source "lmi"]
[SourceDate "2010.01.31"]

1. d4 d5 2. Nf3 Nf6 3. e3 Bf5 4. c4 c6 5. Nc3 e6 6. cxd5 exd5 7. Bd3 Bxd3 8.
Qxd3 Be7 9. O-O O-O 10. Bd2 Nbd7 11. Rab1 a5 12. Qc2 Bd6 13. a3 Qe7 14. Ne2 Nb6
15. Ng3 g6 16. a4 Rfe8 17. b3 Ne4 18. Bc3 Nd7 19. Nd2 f5 20. Ndxe4 fxe4 21. Qd2
b6 22. Rfc1 Qh4 23. Nf1 Rac8 24. b4 axb4 25. Bxb4 Bb8 26. Rc2 Re6 27. Ba3 Qf6
28. a5 b5 29. Rxb5 Bc7 30. Rb7 Qd8 31. a6 Ra8 32. Qe2 Nb6 33. Bc5 Nc4 34. Rxc4
dxc4 35. Qxc4 Kf7 36. Bb6 Qd5 37. Rxc7+ Kg8 38. Qa4 Qb5 39. Qa2 Qd5 40. Qa3 Qb5
41. Qa2 Qd5 42. Qxd5 cxd5 43. Bc5 Raxa6 44. Rd7 Rf6 45. Be7 Rf7 46. Rd8+ Kg7
47. Bh4 Ra1 48. g4 Ra5 49. Ng3 Ra1+ 50. Kg2 Ra2 51. Nh1 Ra5 52. Bg3 Rf8 53.
Be5+ Kg8 54. Rd6 Kf7 55. Rd7+ Ke8 56. Rxh7 Rf7 57. Rh6 Ra6 58. h4 Ra2 59. Rxg6
Rf3 60. h5 Rxe3 61. h6 Rf3 62. h7 Rf8 63. Rg8 1-0

[Event "Gibtelecom Festival 2010 - Challenger 2"]
[Site "Gibraltar ENG"]
[Date "2010.02.04"]
[Round "5.37"]
[White "Bishop, Geoffrey L"]
[Black "Young, Mel J"]
[Result "0-1"]
[WhiteElo "1851"]
[BlackElo "1971"]
[PlyCount "128"]
[EventDate "2010.01.31"]
[EventType "swiss"]
[EventRounds "5"]
[EventCountry "ENG"]
[Source "lmi"]
[SourceDate "2010.01.31"]

1. e4 c5 2. Nf3 d6 3. d4 cxd4 4. Nxd4 Nf6 5. Nc3 a6 6. Bc4 e6 7. Qf3 Qc7 8. Bb3
Nc6 9. Nxc6 bxc6 10. Qg3 h5 11. Bg5 Bb7 12. O-O O-O-O 13. f3 Be7 14. Na4 h4 15.
Bxh4 Nxe4 16. fxe4 Bxh4 17. Qxg7 d5 18. Rxf7 Be7 19. e5 Rdg8 20. Rxe7 Rxg7 21.
Rxc7+ Kxc7 22. Nc5 Bc8 23. Rf1 Kb6 24. Nd3 c5 25. Nf4 Rg5 26. Re1 c4 27. Ba4
Rh4 28. Rf1 Rh7 29. Re1 Rf7 30. Rf1 Ka5 31. Be8 Rf8 32. Bc6 Rxe5 33. Ng6 Rxf1+
34. Kxf1 Rf5+ 35. Ke2 Kb6 36. Ne7 Rf7 37. Ng6 Rg7 38. Be8 Kc7 39. Nf4 Kd6 40.
g3 e5 41. Ng2 Bf5 42. Kd2 Rg8 43. Ne3 Be6 44. Bh5 d4 45. Nf1 Rf8 46. Be2 Bh3
47. Ke1 Bxf1 48. Bxf1 Kc5 49. b3 cxb3 50. axb3 a5 51. Bd3 Kd6 52. h4 Rh8 53.
Kf2 Ke7 54. Kf3 Rf8+ 55. Ke4 Kd6 56. h5 Rf2 57. Bc4 Rxc2 58. Kf5 a4 59. h6 a3
60. h7 Rh2 61. b4 d3 62. Kg6 d2 63. Bb3 a2 64. Bd1 Rxh7 0-1

[Event "Gibtelecom Festival 2010 - Challenger 2"]
[Site "Gibraltar ENG"]
[Date "2010.02.04"]
[Round "5.39"]
[White "Livesey, Nigel"]
[Black "Whatley, Stephen Arthur Ja"]
[Result "1-0"]
[WhiteElo "1894"]
[BlackElo "1408"]
[PlyCount "109"]
[EventDate "2010.01.31"]
[EventType "swiss"]
[EventRounds "5"]
[EventCountry "ENG"]
[Source "lmi"]
[SourceDate "2010.01.31"]

1. c4 c5 2. g3 Nc6 3. Bg2 g6 4. Nc3 Bg7 5. e4 e6 6. Nge2 a6 7. d3 Nd4 8. Nxd4
Bxd4 9. O-O Bg7 10. Be3 Qc7 11. Qd2 Ne7 12. f4 O-O 13. Kh1 Rb8 14. a4 b6 15. g4
f5 16. gxf5 exf5 17. Qf2 Bb7 18. Rab1 Qd6 19. Nd5 Qe6 20. a5 Nc6 21. axb6 Nd4
22. e5 Kh8 23. Bxd4 cxd4 24. Qxd4 d6 25. Nc7 Bxg2+ 26. Kxg2 Qd7 27. Qxd6 Qxd6
28. exd6 Rxb6 29. c5 Rc6 30. Ne6 Rb8 31. Nxg7 Kxg7 32. d4 Kf6 33. Rfe1 Rb7 34.
Re2 a5 35. Rbe1 Rc8 36. Re6+ Kg7 37. Re7+ Rxe7 38. Rxe7+ Kf6 39. d7 Rd8 40.
Rxh7 Ke6 41. c6 Kd6 42. d5 a4 43. Rg7 Kc7 44. Re7 Kd6 45. Re8 Kc7 46. d6+ Kxc6
47. Rxd8 Kxd6 48. Rg8 Kxd7 49. Rxg6 Ke7 50. h4 Kf8 51. h5 Kf7 52. Kg3 Kf8 53.
Kh4 Kf7 54. Kg5 Ke7 55. h6 1-0

[Event "Gibtelecom Festival 2010 - Challenger 2"]
[Site "Gibraltar ENG"]
[Date "2010.02.04"]
[Round "5.40"]
[White "Wiltshire, Michael R"]
[Black "Steinskog, Asbjorn Ottesen"]
[Result "0-1"]
[WhiteElo "1816"]
[BlackElo "1884"]
[PlyCount "82"]
[EventDate "2010.01.31"]
[EventType "swiss"]
[EventRounds "5"]
[EventCountry "ENG"]
[Source "lmi"]
[SourceDate "2010.01.31"]

1. d4 d5 2. c4 c6 3. e3 e6 4. Nc3 Nf6 5. Qc2 Nbd7 6. Nf3 Bd6 7. c5 Bc7 8. g3
O-O 9. Bg2 e5 10. O-O Re8 11. b3 e4 12. Nd2 b6 13. cxb6 axb6 14. Re1 Ba6 15.
Bf1 Bxf1 16. Rxf1 Ng4 17. Ne2 Re6 18. Nf4 Bxf4 19. exf4 Rh6 20. Nxe4 dxe4 21.
Qxe4 Re6 22. Qf3 Ngf6 23. Bb2 Nd5 24. f5 Re8 25. h4 Rc8 26. h5 h6 27. Rae1 Qg5
28. Bc1 Qf6 29. Rd1 Nf8 30. g4 Nh7 31. Qg3 Re2 32. Rfe1 Rxe1+ 33. Rxe1 Qxd4 34.
Kg2 Ndf6 35. f4 Qd5+ 36. Kh2 Re8 37. Re5 Rxe5 38. fxe5 Ne4 39. Qf4 Nhg5 40. Be3
b5 41. f6 Qxe5 0-1

[Event "Gibtelecom Festival 2010 - Challenger 2"]
[Site "Gibraltar ENG"]
[Date "2010.02.04"]
[Round "5.41"]
[White "Rough, Robert E"]
[Black "Kelly, Paul J"]
[Result "1/2-1/2"]
[WhiteElo "1811"]
[BlackElo "1880"]
[PlyCount "61"]
[EventDate "2010.01.31"]
[EventType "swiss"]
[EventRounds "5"]
[EventCountry "ENG"]
[Source "lmi"]
[SourceDate "2010.01.31"]

1. e4 Nf6 2. d3 e5 3. Nf3 Nc6 4. Be2 h6 5. O-O a6 6. h3 Bc5 7. Re1 d6 8. Bf1
Nh7 9. Be3 Bxe3 10. Rxe3 O-O 11. d4 exd4 12. Nxd4 Nxd4 13. Qxd4 Re8 14. Nc3 Nf6
15. Rae1 Bd7 16. Nd5 Nxd5 17. exd5 Rxe3 18. Rxe3 Bf5 19. Bd3 Bxd3 20. Qxd3 Qd7
21. Qe2 Kf8 22. Kf1 a5 23. c4 b6 24. f4 g6 25. g4 Re8 26. Rxe8+ Qxe8 27. Qxe8+
Kxe8 28. Ke2 Ke7 29. Ke3 Kf6 30. Ke4 Ke7 31. h4 1/2-1/2

[Event "Gibtelecom Festival 2010 - Challenger 2"]
[Site "Gibraltar ENG"]
[Date "2010.02.04"]
[Round "5.42"]
[White "Savage, Neil"]
[Black "Kympergr, Vojtech"]
[Result "0-1"]
[WhiteElo "1755"]
[BlackElo "1599"]
[PlyCount "66"]
[EventDate "2010.01.31"]
[EventType "swiss"]
[EventRounds "5"]
[EventCountry "ENG"]
[Source "lmi"]
[SourceDate "2010.01.31"]

1. c4 Nf6 2. Nf3 g6 3. Nc3 Bg7 4. e4 d6 5. Be2 O-O 6. O-O c5 7. d4 cxd4 8. Nxd4
a6 9. Be3 Nc6 10. Qd2 Re8 11. Rad1 Ng4 12. Bxg4 Bxg4 13. f3 Bd7 14. Nxc6 bxc6
15. c5 Be6 16. cxd6 exd6 17. Qxd6 Qxd6 18. Rxd6 Bxc3 19. bxc3 Bc4 20. Rfd1 Bxa2
21. Rxc6 a5 22. Rd7 Be6 23. Rb7 a4 24. Ra7 a3 25. Rca6 Rxa7 26. Rxa7 a2 27. Kf2
Rb8 28. Bd4 Bc4 29. Ra4 f5 30. Rb4 a1=Q 31. Rxb8+ Kf7 32. Rb7+ Ke6 33. Rxh7 f4
0-1

[Event "Gibtelecom Festival 2010 - Challenger 2"]
[Site "Gibraltar ENG"]
[Date "2010.02.04"]
[Round "5.45"]
[White "Garcia Magadan, Ramon"]
[Black "Popa-Matei, Viorel-Ovidiu"]
[Result "0-1"]
[WhiteElo "2035"]
[BlackElo "2137"]
[PlyCount "50"]
[EventDate "2010.01.31"]
[EventType "swiss"]
[EventRounds "5"]
[EventCountry "ENG"]
[Source "lmi"]
[SourceDate "2010.01.31"]

1. e4 d5 2. exd5 Nf6 3. d4 Nxd5 4. Be2 Bf5 5. Nf3 e6 6. O-O Bd6 7. Re1 O-O 8.
Bg5 f6 9. Bd2 c5 10. Nc3 Nc6 11. dxc5 Bxc5 12. Nh4 Nxc3 13. Bxc3 Qb6 14. Nxf5
Bxf2+ 15. Kh1 Bxe1 16. Bc4 Kh8 17. Bxe6 Ne5 18. Bxe5 Qxe6 19. Qg4 g6 20. Rxe1
fxe5 21. Nh6 Qxg4 22. Nxg4 Rae8 23. Kg1 Kg7 24. Rxe5 Rxe5 25. Nxe5 Re8 0-1